[Event "GER-chT U12"]
[Site "Arendsee"]
[Date "2009.12.28"]
[Round "4.4"]
[White "Windschuegl, Martin"]
[Black "Jankir, Delschad"]
[Result "1-0"]
[WhiteElo "1140"]
[BlackElo "758"]
[PlyCount "73"]
[EventDate "2009.12.27"]
[EventType "team-swiss"]
[EventRounds "7"]
[EventCountry "GER"]
[SourceTitle "EXT 2022"]
[Source "ChessBase"]
[SourceDate "2021.10.06"]
[SourceVersion "1"]
[SourceVersionDate "2021.10.06"]
[SourceQuality "1"]
[WhiteTeam "Eberswalde U12"]
[BlackTeam "Eppelborn U12"]
[WhiteTeamCountry "GER"]
[BlackTeamCountry "GER"]

1. e4 e5 2. Nf3 Nc6 3. Bc4 Nf6 4. d3 Bc5 5. Nc3 d6 6. 0-0 Bg4 7. h3 Bh5 8. Be3 Bb6 9. Bb5 Qd7 10. Bxc6 Qxc6 11. Bg5 0-0-0 12. Bxf6 gxf6 13. Nd5 f5 14. Ne7+ Kb8 15. Nxc6+ bxc6 16. exf5 d5 17. g4 e4 18. Ne5 Rd6 19. gxh5 Rg8+ 20. Kh1 exd3 21. Qxd3 Rf8 22. Rg1 Bxf2 23. Rg2 Bh4 24. Qa6 Bf6 25. Rg3 Ka8 26. Rb3 Rb8 27. Rxb8+ Kxb8 28. Nxc6+ Rxc6 29. Qxc6 Bxb2 30. Qb5+ Kc8 31. Qxb2 Kd7 32. Re1 Kd6 33. Qa3+ c5 34. Qa6+ Kd7 35. Qxa7+ Kd6 36. Qxf7 Kc6 37. Rb1 1-0